Corpus linguistics for ELT : (Record no. 22488)

MARC details
000 -LEADER
fixed length control field 01521cam a22003615a 4500
001 - CONTROL NUMBER
control field 18516677
003 - CONTROL NUMBER IDENTIFIER
control field EG-ScBUE
005 - DATE AND TIME OF LATEST TRANSACTION
control field 20220418113710.0
008 - FIXED-LENGTH DATA ELEMENTS--GENERAL INFORMATION
fixed length control field 150305s2015 enka f b 001 0 eng d
020 ## - INTERNATIONAL STANDARD BOOK NUMBER
International Standard Book Number 0415747120
020 ## - INTERNATIONAL STANDARD BOOK NUMBER
Cancelled/invalid ISBN 9780415747127 (pbk)
040 ## - CATALOGING SOURCE
Original cataloging agency DLC
Language of cataloging eng
Description conventions rda
Transcribing agency DLC
Modifying agency EG-ScBUE
082 04 - DEWEY DECIMAL CLASSIFICATION NUMBER
Edition number 22
Classification number 420.188
Item number TIM
100 1# - MAIN ENTRY--PERSONAL NAME
Personal name Timmis, Ivor‏,
Relator term author.
9 (RLIN) 41400
245 10 - TITLE STATEMENT
Title Corpus linguistics for ELT :
Remainder of title research and practice /
Statement of responsibility, etc Ivor Timmis.
264 #1 - PUBLICATION, DISTRIBUTION, ETC. (IMPRINT)
Place of publication, distribution, etc London ;
-- New York :
Name of publisher, distributor, etc Routledge,
Date of publication, distribution, etc 2015.
300 ## - PHYSICAL DESCRIPTION
Extent x, 213 pages ;
Dimensions 24 cm.
336 ## - CONTENT TYPE
Source rdacontent
Content type term text
Content type code txt
337 ## - MEDIA TYPE
Source rdamedia
Media type term unmediated
Media type code n
338 ## - CARRIER TYPE
Source rdacarrier
Carrier type term volume
Carrier type code nc
490 0# - SERIES STATEMENT
Series statement Routledge corpus linguistics guides
504 ## - BIBLIOGRAPHY, ETC. NOTE
Bibliography, etc Includes bibliographical references and index.<br/>
505 ## - FORMATTED CONTENTS NOTE
Formatted contents note 1. Introduction -- 2. Building a corpus -- 3. Corpora and Lexis -- 4. Corpus research and grammar -- 5. Spoken corpus research -- 6. Corpora and the Classroom -- 7. Corpora and ESP -- 8. Corpora in perspective -- 9. Conclusion.
650 #7 - SUBJECT ADDED ENTRY--TOPICAL TERM
Topical term or geographic name as entry element English language
General subdivision Study and teaching
-- Data processing.
Source of heading or term BUEsh
9 (RLIN) 41397
650 #7 - SUBJECT ADDED ENTRY--TOPICAL TERM
Topical term or geographic name as entry element English language
General subdivision Discourse analysis
-- Data processing.
Source of heading or term BUEsh
9 (RLIN) 41398
650 #7 - SUBJECT ADDED ENTRY--TOPICAL TERM
Topical term or geographic name as entry element English language
General subdivision Study and teaching
-- Research.
Source of heading or term BUEsh
9 (RLIN) 41399
650 #7 - SUBJECT ADDED ENTRY--TOPICAL TERM
Topical term or geographic name as entry element Corpora (Linguistics).
Source of heading or term BUEsh
9 (RLIN) 40992
650 #7 - SUBJECT ADDED ENTRY--TOPICAL TERM
Topical term or geographic name as entry element Computational linguistics.
Source of heading or term BUEsh
9 (RLIN) 4459
651 ## - SUBJECT ADDED ENTRY--GEOGRAPHIC NAME
Source of heading or term BUEsh
653 ## - INDEX TERM--UNCONTROLLED
Resource For college Humanities: English
Arrived date list October2016
655 ## - INDEX TERM--GENRE/FORM
Form subdivision Reading book
9 (RLIN) 34232
942 ## - ADDED ENTRY ELEMENTS (KOHA)
Source of classification or shelving scheme Dewey Decimal Classification
Edition 22
Call number prefix 420.188 TIM
Koha item type Book - Borrowing
Holdings
Withdrawn status Lost status Source of classification or shelving scheme Damaged status Not for loan Collection code Home library Current library Shelving location Date acquired Source of acquisition Cost, normal purchase price Serial Enumeration / chronology Total Checkouts Full call number Barcode Date last seen Cost, replacement price Price effective from Koha item type
    Dewey Decimal Classification     Baccah Central Library Central Library Second Floor 10/10/2016 Purchase 380.00 26103   420.188 TIM 000033448 15/07/2025 476.00 10/10/2016 Book - Borrowing